000 00519nam a22001937a 4500
999 _c5767
_d5767
003 GBCCL
005 20241126110549.0
008 180406b ||||| |||| 00| 0 eng d
020 _a0340410736
040 _cgbc
082 _a248
_bCOA
100 _aCoates,Gerald
_910448
245 _aHe gives us signs:
_bUnderstanding miracles /
_cGerald Coates
260 _aLondon:
_bHodder and Stoughton,
_c1987
300 _a78 p.;
_c18 cm.
440 _aFoundations
_99483
650 _aChristian life
_9183
942 _2ddc
_cBK
_02